|
|
|
|
| LEADER |
01181aam a22002898a 4500 |
| 001 |
00030407 |
| 005 |
20171026081025.0 |
| 008 |
130130s2012 ||||||viesd |
| 020 |
|
|
|c 37000
|
| 041 |
0 |
# |
|a vie
|
| 082 |
1 |
4 |
|a 338.409 597
|b PH110TR
|
| 100 |
1 |
# |
|a Phạm, Thị Khanh
|e Chủ biên
|
| 245 |
1 |
0 |
|a Phát triển kinh tế dịch vụ Việt Nam trong điều kiện hội nhập quốc tế
|b Sách chuyên khảo
|c Phạm Thị Khanh (ch.b)
|
| 260 |
# |
# |
|a Hà Nội
|b Chính trị quốc gia- Sự thật
|c 2012
|
| 300 |
# |
# |
|a 206 tr.
|c 21 cm.
|
| 500 |
# |
# |
|a ĐTTS ghi: Học viện Chính trị- Hành chính Quốc gia Hồ Chí Minh. Viện Kinh tế
|
| 653 |
# |
# |
|a Dịch vụ
|
| 653 |
# |
# |
|a Việt Nam
|
| 653 |
# |
# |
|a Quốc tế
|
| 653 |
# |
# |
|a Phát triển
|
| 653 |
# |
# |
|a Hội nhập
|
| 653 |
# |
# |
|a Kinh tế
|
| 852 |
# |
# |
|b Kho mượn
|j KM.0014732, KM.0014733, KM.0014734, KM.0014735
|
| 852 |
# |
# |
|j KM.0014732
|j KM.0014733
|j KM.0014735
|j KD.0014413
|j KM.0014734
|
| 852 |
# |
# |
|b Kho đọc
|j KD.0014413
|
| 910 |
|
|
|d 30/01/2013
|
| 980 |
# |
# |
|a Trung tâm Học liệu Lê Vũ Hùng, Trường Đại học Đồng Tháp
|